| 000 | 01806cam a2200421 a 4500 | ||
|---|---|---|---|
| 999 |
_c2837 _d2837 |
||
| 001 | 17701810 | ||
| 003 | OSt | ||
| 005 | 20230823142257.0 | ||
| 008 | 130417s2008 enka j 000 0 eng d | ||
| 010 | _a 2012532946 | ||
| 020 | _a0194790525 | ||
| 020 | _a9780194790529 | ||
| 035 | _a(OCoLC)ocn261198279 | ||
| 037 |
_a52048 _bTVG |
||
| 040 |
_aYDXCP _beng _cYDXCP _dBTCTA _dOEL _dCNEDM _dVP@ _dIUI _dA7U _dOCLCA _dOCLCQ _dTVG _dA6Q _dOCLCO _dEIK _dDLC _dKH8 |
||
| 042 | _alccopycat | ||
| 043 | _an-cn-pi | ||
| 082 | _a400 MON | ||
| 100 | 1 |
_aMontgomery, L.M, _eauthor. |
|
| 245 | 1 | 0 |
_aAnne of Green Gables / _cL.M. Montgomery ; illustrated by Kate Simpson. |
| 250 | _aSimplified ed. | ||
| 260 |
_aOxford : _bOxford University Press, _cc2008. |
||
| 300 |
_a56 p. : _bill. ; _c20 cm. |
||
| 490 | 0 | _aOxford bookworms library. Human interest, Stage 2 | |
| 500 | _a"First published in Oxford Bookworms, 1994 ; This simplified edition, Oxford University Press, c2008"--T.p. verso. | ||
| 520 | _aAnne, an eleven-year-old orphan, is sent by mistake to live with a lonely, middle-aged brother and sister on a Prince Edward Island farm and proceeds to make an indelible impression on everyone around her. | ||
| 650 | 0 | _aReaders (Elementary) | |
| 650 | 0 | _aReaders (Secondary) | |
| 650 | 0 |
_aReading comprehension _vProblems, exercises, etc. |
|
| 650 | 0 |
_aEnglish language _vTextbooks for foreign speakers. |
|
| 650 | 0 |
_aOrphans _zPrince Edward Island _vJuvenile literature. |
|
| 650 | 0 |
_aFriendship _zPrince Edward Island _vJuvenile literature. |
|
| 650 | 0 |
_aCountry life _zPrince Edward Island _vJuvenile literature. |
|
| 700 | 1 |
_aSimpson, Kate _c(Illustrator), _eill. |
|
| 906 |
_a0 _bibc _ccopycat _d2 _encip _f20 _gy-gencatlg |
||
| 942 |
_2ddc _cTR |
||